000 01600cam a2200145 4500500
005 20260405085458.0
041 _afre
042 _adc
100 1 0 _aClot, Yves
_eauthor
700 1 0 _aGollac, Michel
_eauthor
245 0 0 _aLe travail peut-il devenir supportable ?
260 _bArmand Colin,
_c2017.
520 _aLe travail demeure une source de plaisir pour certains. Mais, pour trop d’entre nous, il est devenu difficile à supporter. Pour la plupart des travailleurs, il est en tout cas un souci dont aucune condition sociale, aucune position hiérarchique, aucun statut ne mettent complètement à l’abri. Et cela, particulièrement en France. Faut-il alors transformer les travailleurs ? Peut-on concevoir des organisations salubres ? Peut-on aller vers une performance compatible avec la qualité du travail ? Vers des produits et des façons de produire moins toxiques pour la santé publique ? La santé au travail peut-elle être octroyée ou les travailleurs doivent-ils avoir les moyens de la construire ? Yves Clot, psychologue du travail, et Michel Gollac, sociologue, confrontent leurs conceptions et celles de leurs disciplines. Leur débat débouche sur une conviction : non seulement le travail peut devenir supportable mais il peut être l’une des sources d’une vitalité retrouvée, d’autres façons d’être soi-même et de vivre ensemble. Une nouvelle liberté est possible si l’entreprise s’ouvre à la démocratie.
856 4 1 _uhttps://shs.cairn.info/le-travail-peut-il-devenir-supportable--9782200617332?lang=fr&redirect-ssocas=7080
999 _c2197910
_d2197910